Teams that made the CFP - Statistics

General Stats
  • This quiz has been taken 135 times
  • The average score is 22 of 24
Answer Stats
year Answer % Correct
2014 Alabama
99%
2015 Alabama
99%
2016 Alabama
99%
2017 Alabama
99%
2018 Alabama
99%
2015 Clemson
95%
2016 Clemson
95%
2017 Clemson
95%
2018 Clemson
95%
2019 Clemson
95%
2017 Georgia
95%
2014 Ohio state
95%
2016 Ohio state
95%
2019 Ohio state
95%
2019 LSU
86%
2014 Oregon
86%
2015 Oklahoma
85%
2017 Oklahoma
85%
2018 Oklahoma
85%
2019 Oklahoma
85%
2014 Florida state
83%
2018 Notre Dame
82%
2015 Michigan state
77%
2016 Washington
70%
No matching quizzes found
Score Distribution
Percent of People with Each Score
Percentile by Number Answered
Your Score History
You have not taken this quiz